[Event "Edinburgh Premier"]
[Site "Edinburgh"]
[Date "2016.04.09"]
[Round "3.14"]
[White "Newton, Andrew"]
[Black "Delaere, Koen"]
[Result "1/2-1/2"]
[WhiteElo "1799"]
[BlackElo "1986"]
[PlyCount "107"]
[EventDate "2016.04.08"]
[EventType "swiss"]
[EventRounds "5"]
[EventCountry "SCO"]
[SourceDate "2016.04.08"]

1. d4 Nf6 2. c4 c5 3. d5 b5 4. cxb5 a6 5. bxa6 Bxa6 6. Nc3 g6 7. e4 Bxf1 8.
Kxf1 d6 9. g3 Bg7 10. Kg2 O-O 11. Nf3 Nbd7 12. a4 Qa5 13. Qc2 Rfb8 14. Re1 Ng4
15. h3 Nge5 16. Nd2 c4 17. Re2 Qb4 18. f4 Nd3 19. Nd1 Nxc1 20. Rxc1 Bxb2 21.
Nxb2 Qxb2 22. Nxc4 Qxc2 23. Rcxc2 Rxa4 24. e5 dxe5 25. Nxe5 Nxe5 26. fxe5 Rd8
27. Red2 Ra5 28. d6 exd6 29. exd6 Ra6 30. d7 Kf8 31. Rc7 Ke7 32. Rf2 Rd6 33.
Re2+ Kf8 34. g4 R6xd7 35. Rxd7 Rxd7 36. Re3 Rd5 37. Kg3 h5 38. Ra3 hxg4 39.
hxg4 f6 40. Ra7 Re5 41. Kf4 Re7 42. Ra1 Rb7 43. Ra4 Kf7 44. Ke4 Rb6 45. Kf4 g5+
46. Kf3 Rb3+ 47. Kf2 Ke6 48. Ra6+ Ke5 49. Ra5+ Kf4 50. Ra4+ Ke5 51. Ra5+ Ke6
52. Ra6+ Kf7 53. Ra4 Rb5 54. Kf3 1/2-1/2

[Event "Edinburgh Premier"]
[Site "Edinburgh"]
[Date "2016.04.09"]
[Round "3.15"]
[White "Zhang, Zheming"]
[Black "Green, Michael"]
[Result "0-1"]
[WhiteElo "1792"]
[BlackElo "1983"]
[PlyCount "90"]
[EventDate "2016.04.08"]
[EventType "swiss"]
[EventRounds "5"]
[EventCountry "SCO"]
[SourceDate "2016.04.08"]

1. e4 c5 2. Nf3 e6 3. d4 cxd4 4. Nxd4 a6 5. Nc3 Qc7 6. Be3 Nf6 7. Be2 Bb4 8.
Bd2 Bxc3 9. Bxc3 Nxe4 10. Bb4 d5 11. O-O Nc6 12. Ba3 b5 13. c3 Ne7 14. Bf3 O-O
15. Re1 Bb7 16. Bxe4 dxe4 17. Qg4 Rfe8 18. Bxe7 Qxe7 19. Re3 f5 20. Qh5 Rad8
21. Rg3 g6 22. Qh6 Qf6 23. h4 f4 24. Rg4 e5 25. Nb3 Bc8 26. Rg5 Qg7 27. Qxg7+
Kxg7 28. f3 h6 29. Rg4 Bxg4 30. fxg4 e3 31. Kf1 Rd5 32. Ke2 Red8 33. Rg1 a5 34.
Nxa5 Rd2+ 35. Kf3 Rf2+ 36. Ke4 e2 37. Re1 Rd1 38. Rxe2 Rxe2+ 39. Kf3 Re3+ 40.
Kf2 Rd2+ 41. Kf1 Rxb2 42. Nb3 Rxc3 43. g5 Rxa2 44. Ke1 Rxb3 45. Kd1 Rb1# 0-1

[Event "Edinburgh Premier"]
[Site "Edinburgh"]
[Date "2016.04.09"]
[Round "3.17"]
[White "Brown, Allan D"]
[Black "Will, Douglas"]
[Result "1/2-1/2"]
[WhiteElo "1784"]
[BlackElo "1959"]
[PlyCount "32"]
[EventDate "2016.04.08"]
[EventType "swiss"]
[EventRounds "5"]
[EventCountry "SCO"]
[SourceDate "2016.04.08"]

1. d4 Nf6 2. Nf3 g6 3. c4 Bg7 4. Nc3 O-O 5. e4 d6 6. Be2 e5 7. dxe5 dxe5 8. Bg5
Nbd7 9. Qc2 c6 10. O-O-O Qc7 11. Be3 Ng4 12. Qd2 Nxe3 13. Qxe3 a6 14. Nd2 b5
15. c5 Qa7 16. Nb3 a5 1/2-1/2

[Event "Edinburgh Premier"]
[Site "Edinburgh"]
[Date "2016.04.09"]
[Round "3.17"]
[White "Dabos-Doukas, Ioannis"]
[Black "Thomson, Neil"]
[Result "0-1"]
[WhiteElo "1788"]
[BlackElo "1978"]
[PlyCount "86"]
[EventDate "2016.04.08"]
[EventType "swiss"]
[EventRounds "5"]
[EventCountry "SCO"]
[SourceDate "2016.04.08"]

1. d4 g6 2. Nf3 Bg7 3. Nc3 d6 4. e4 a6 5. Be3 b5 6. Bd3 Bb7 7. O-O Nd7 8. Ne2
Ngf6 9. Ng3 h5 10. h4 Ng4 11. Bd2 c5 12. c3 Qb6 13. a3 O-O 14. d5 c4 15. Bc2
Nc5 16. Bg5 Rae8 17. Qd2 e6 18. Rae1 a5 19. Re2 exd5 20. exd5 Rxe2 21. Nxe2 Re8
22. Ng3 Nd7 23. Ne4 Nde5 24. Nh2 Nxh2 25. Kxh2 Ng4+ 26. Kg1 Re5 27. Qf4 Bxd5
28. Kh1 Bxe4 29. Bxe4 f5 30. Ba8 Re2 31. Kg1 Nxf2 32. Qf3 Ne4+ 33. Kh1 Be5 34.
Bf4 Bxf4 35. Qxf4 Qe3 36. Bxe4 Qxe4 37. Qg5 Kf7 38. Rf4 Qb1+ 39. Kh2 Qxb2 40.
Rf3 Qd2 41. Qg3 Re4 42. Qh3 Qd5 43. Qg3 Qe5 0-1

[Event "Edinburgh Premier"]
[Site "Edinburgh"]
[Date "2016.04.09"]
[Round "3.18"]
[White "Ridge, Mike"]
[Black "Shafi, Declan"]
[Result "1-0"]
[WhiteElo "1889"]
[BlackElo "1857"]
[PlyCount "79"]
[EventDate "2016.04.08"]
[EventType "swiss"]
[EventRounds "5"]
[EventCountry "SCO"]
[SourceDate "2016.04.08"]

1. Nf3 Nf6 2. c4 b6 3. g3 Bb7 4. Bg2 g6 5. O-O Bg7 6. Nc3 O-O 7. Re1 c5 8. e4
Nc6 9. d3 Ne8 10. Be3 Nc7 11. d4 cxd4 12. Nxd4 Nxd4 13. Bxd4 Bxd4 14. Qxd4 Rc8
15. Rad1 d6 16. Bh3 Ne6 17. Qd3 Nc5 18. Qe2 e6 19. e5 Qc7 20. Rxd6 Ba8 21. Bg2
Bxg2 22. Kxg2 Nb7 23. Rd4 Qc5 24. Red1 Na5 25. b3 a6 26. f4 Nc6 27. Rd6 a5 28.
Ne4 Qa3 29. R1d2 Qb4 30. g4 a4 31. R2d3 Kg7 32. g5 Rh8 33. Rd7 Rhd8 34. Qf2
Rxd7 35. Rxd7 Rh8 36. Qh4 h5 37. gxh6+ Kg8 38. h7+ Kf8 39. Qh6+ Ke8 40. Nf6#
1-0

[Event "Edinburgh Premier"]
[Site "Edinburgh"]
[Date "2016.04.09"]
[Round "3.19"]
[White "Livingstone, Jonathan"]
[Black "Durno, Joy"]
[Result "0-1"]
[WhiteElo "1722"]
[BlackElo "1872"]
[PlyCount "82"]
[EventDate "2016.04.08"]
[EventType "swiss"]
[EventRounds "5"]
[EventCountry "SCO"]
[SourceDate "2016.04.08"]

1. e4 c5 2. Nf3 e6 3. d4 cxd4 4. Nxd4 Nf6 5. f3 a6 6. Nc3 d6 7. Be3 b5 8. a3
Nbd7 9. Qd2 Nb6 10. Rd1 Bb7 11. Be2 Be7 12. O-O O-O 13. Bg5 Qc7 14. Nb3 Rad8
15. Qe3 Nc4 16. Bxc4 Qxc4 17. Na5 Qc7 18. Nxb7 Qxb7 19. Rd3 h6 20. Bh4 Ng4 21.
Qe1 Qb6+ 22. Kh1 Bxh4 23. Qxh4 Ne5 24. Rdd1 Nc4 25. b3 Ne3 26. Qf2 Qc5 27. b4
Nxd1 28. Nxd1 Qxf2 29. Rxf2 Rc8 30. Kg1 Rc6 31. Rd2 Rfc8 32. c3 Kf8 33. Rd3 Ke7
34. Kf2 a5 35. Ke3 axb4 36. axb4 Ra8 37. g4 g5 38. Kf2 Ra2+ 39. Kg3 Rc2 40. h4
Rc1 41. Ne3 R1xc3 0-1

[Event "Edinburgh Premier"]
[Site "Edinburgh"]
[Date "2016.04.09"]
[Round "3.20"]
[White "Jennings, Richard"]
[Black "James, Chris"]
[Result "0-1"]
[WhiteElo "1866"]
[BlackElo "1828"]
[PlyCount "56"]
[EventDate "2016.04.08"]
[EventType "swiss"]
[EventRounds "5"]
[EventCountry "SCO"]
[SourceDate "2016.04.08"]

1. c4 f5 2. Nc3 Nf6 3. d4 g6 4. g3 Bg7 5. Bg2 O-O 6. e3 d6 7. Nge2 c6 8. O-O
Na6 9. a3 e5 10. b4 Nc7 11. Bb2 Rb8 12. a4 e4 13. c5 d5 14. b5 Ne6 15. Qd2 Qe8
16. Rfb1 g5 17. Bc1 Bd7 18. Rb3 Qh5 19. Qd1 Ng4 20. h3 Nh6 21. a5 cxb5 22. Nxb5
Nxc5 23. Rbb1 Nd3 24. Ba3 f4 25. Bxf8 Rxf8 26. Nec3 f3 27. g4 Bxg4 28. Kh2 fxg2
0-1

[Event "Edinburgh Premier"]
[Site "Edinburgh"]
[Date "2016.04.09"]
[Round "3.21"]
[White "Carter, Richard"]
[Black "Coffey, Anthony"]
[Result "0-1"]
[WhiteElo "1805"]
[BlackElo "1957"]
[PlyCount "60"]
[EventDate "2016.04.08"]
[EventType "swiss"]
[EventRounds "5"]
[EventCountry "SCO"]
[SourceDate "2016.04.08"]

1. e4 e5 2. Bc4 Nc6 3. Nc3 Nf6 4. d3 Na5 5. Nf3 Nxc4 6. dxc4 d6 7. Qd3 Be7 8.
h3 O-O 9. Be3 Nh5 10. g4 Nf4 11. Bxf4 exf4 12. O-O-O Bf6 13. g5 Bxc3 14. Qxc3
Qe7 15. h4 f6 16. c5 dxc5 17. e5 f5 18. g6 h6 19. Ng5 Be6 20. Qf3 hxg5 21. hxg5
Rfd8 22. Rhg1 Kf8 23. Qxf4 Rd4 24. Qxf5+ Ke8 25. Qf3 Rad8 26. Qxb7 Bg8 27. b3
c4 28. Kb2 c3+ 29. Kxc3 Qxe5 30. Qc6+ Ke7 0-1

[Event "Edinburgh Premier"]
[Site "Edinburgh"]
[Date "2016.04.09"]
[Round "3.22"]
[White "Pascha, Tariq"]
[Black "Bourached, Anthony"]
[Result "1/2-1/2"]
[WhiteElo "1654"]
[BlackElo "1951"]
[PlyCount "119"]
[EventDate "2016.04.08"]
[EventType "swiss"]
[EventRounds "5"]
[EventCountry "SCO"]
[SourceDate "2016.04.08"]

1. d4 Nf6 2. c4 e6 3. Nc3 Bb4 4. Nf3 c5 5. Bg5 h6 6. Bxf6 Qxf6 7. e3 Nc6 8. a3
Bxc3+ 9. bxc3 b6 10. Bd3 Ba6 11. O-O Qe7 12. Qc2 Na5 13. Qe2 Rc8 14. Nd2 d6 15.
f4 e5 16. fxe5 dxe5 17. d5 O-O 18. e4 Nb7 19. Rf3 Nd6 20. Raf1 Rb8 21. Rg3 Bc8
22. Qh5 Kh8 23. Nf3 f5 24. Nh4 Kg8 25. Nxf5 Bxf5 26. exf5 e4 27. Be2 Rf6 28.
Rg6 Kh8 29. Qh4 Qe5 30. Rxf6 Qxf6 31. Qxf6 gxf6 32. Rf4 Rg8 33. g4 h5 34. h3
hxg4 35. hxg4 Kg7 36. Rf2 Rh8 37. Kg2 Kh6 38. a4 Kg5 39. Rf1 Nf7 40. Kg3 Ne5
41. Rd1 Nf7 42. Rf1 Nd6 43. Kg2 Nb7 44. Kg3 Rh4 45. Rd1 Rh7 46. Rf1 Nd6 47. Kg2
Re7 48. Kg3 Kh6 49. Rh1+ Kg7 50. Rf1 Kg8 51. Kh4 Rh7+ 52. Kg3 Nf7 53. Rd1 Nd6
54. Rf1 Kf8 55. Ra1 Nb7 56. Kf4 Nd6 57. Kg3 Nf7 58. Rd1 Ke7 59. Kf4 Ng5 60. Bf1
1/2-1/2

[Event "Edinburgh Premier"]
[Site "Edinburgh"]
[Date "2016.04.09"]
[Round "3.23"]
[White "Robinson, Stephen"]
[Black "Chapman, Nigel"]
[Result "1-0"]
[WhiteElo "1823"]
[BlackElo "1754"]
[PlyCount "55"]
[EventDate "2016.04.08"]
[EventType "swiss"]
[EventRounds "5"]
[EventCountry "SCO"]
[SourceDate "2016.04.08"]

1. d4 Nf6 2. Bg5 e6 3. Nf3 c5 4. e3 b6 5. Bd3 Bb7 6. Nbd2 Be7 7. Qe2 O-O 8. c3
d6 9. h4 Nbd7 10. O-O-O a6 11. Rdg1 cxd4 12. exd4 b5 13. Kb1 Nd5 14. Bxe7 Qxe7
15. Ng5 h6 16. g3 N7f6 17. Rh3 Rac8 18. Ka1 b4 19. c4 Nb6 20. f4 a5 21. d5
Nbxd5 22. cxd5 Bxd5 23. Ngf3 a4 24. g4 Nd7 25. g5 h5 26. g6 f5 27. Nd4 Qf6 28.
Qxh5 1-0

[Event "Edinburgh Premier"]
[Site "Edinburgh"]
[Date "2016.04.10"]
[Round "4.1"]
[White "Arakhamia-Grant, Ketevan"]
[Black "Samolins, Vitalijs"]
[Result "1/2-1/2"]
[WhiteElo "2360"]
[BlackElo "2397"]
[PlyCount "120"]
[EventDate "2016.04.08"]
[EventType "swiss"]
[EventRounds "5"]
[EventCountry "SCO"]
[SourceDate "2016.04.08"]

1. e4 e5 2. Nf3 Nc6 3. Bb5 f5 4. Bxc6 dxc6 5. Nc3 Nf6 6. Qe2 Bd6 7. d4 Qe7 8.
exf5 exd4 9. Nxd4 Be5 10. Be3 c5 11. Ne6 Bxe6 12. fxe6 Bxc3+ 13. bxc3 O-O 14.
Qc4 b6 15. O-O-O Rae8 16. Rd7 Qxe6 17. Qxe6+ Rxe6 18. Rxc7 Nd5 19. Rxa7 Nxe3
20. fxe3 Rxe3 21. Rd1 Re2 22. g4 Rxh2 23. Rdd7 Rff2 24. Rd8+ Rf8 25. Rdd7 Rff2
26. Rxg7+ Kf8 27. Rxh7 Rxc2+ 28. Kb1 Rxh7 29. Ra8+ Ke7 30. Kxc2 Kd6 31. Kd3 Rg7
32. Ra4 b5 33. Rf4 Ra7 34. Rf2 Ra3 35. g5 b4 36. Rc2 bxc3 37. Ke4 Ke6 38. Rg2
Kf7 39. Kd5 Kg6 40. Kxc5 Ra5+ 41. Kb4 Rxg5 42. Rc2 Kf6 43. Rxc3 Ke6 44. Rd3 Rg2
45. a4 Rb2+ 46. Kc5 Rc2+ 47. Kb6 Rb2+ 48. Ka6 Ke7 49. a5 Ke6 50. Ka7 Ke7 51.
Rd4 Ke6 52. Ka6 Ke7 53. Rd5 Ke6 54. Rd3 Rb1 55. Ka7 Rb2 56. a6 Ke7 57. Rd4 Rb3
58. Rh4 Kd7 59. Rd4+ Kc7 60. Rc4+ Kd7 1/2-1/2

[Event "Edinburgh Premier"]
[Site "Edinburgh"]
[Date "2016.04.10"]
[Round "4.2"]
[White "Archibong, Ubong"]
[Black "Berry, Neil"]
[Result "1-0"]
[WhiteElo "2063"]
[BlackElo "2351"]
[PlyCount "137"]
[EventDate "2016.04.08"]
[EventType "swiss"]
[EventRounds "5"]
[EventCountry "SCO"]
[SourceDate "2016.04.08"]

1. e4 e5 2. Nf3 Nc6 3. Bb5 a6 4. Ba4 Nf6 5. d3 d6 6. c3 g6 7. Ng5 h6 8. Nf3 Bg7
9. h3 O-O 10. Be3 d5 11. Nbd2 Re8 12. Qc1 b5 13. Bc2 d4 14. cxd4 exd4 15. Bf4
Nb4 16. Bb1 Nfd5 17. Bh2 Nc3 18. a3 Nxb1 19. axb4 Nxd2 20. Nxd2 Qg5 21. Bg3 Bf8
22. h4 Qe7 23. O-O Qxb4 24. Nf3 Bg7 25. Bxc7 Bg4 26. Ba5 Qe7 27. Qc7 Bxf3 28.
Qxe7 Rxe7 29. gxf3 h5 30. Rfc1 Bf6 31. Rc6 Re6 32. Rc7 Bxh4 33. Rd7 Rc8 34. Bc7
Bf6 35. Kg2 Rc6 36. Bg3 h4 37. Bh2 Re6 38. Bc7 Rc6 39. Bh2 Re6 40. f4 Rc2 41.
e5 Be7 42. Bg1 Rxb2 43. Rc1 a5 44. Rc8+ Kg7 45. Rcc7 a4 46. Rxe7 Rxe7 47. Rxe7
a3 48. Ra7 a2 49. e6 Kf8 50. Rxf7+ Ke8 51. Ra7 b4 52. f5 gxf5 53. Bh2 Re2 54.
Bd6 Rxe6 55. Bxb4 Re2 56. Kf3 h3 57. Bd6 Rd2 58. Bg3 Rxd3+ 59. Kf4 Rd2 60. Kxf5
h2 61. Bxh2 Rxf2+ 62. Ke6 Kf8 63. Ra8+ Kg7 64. Be5+ Kg6 65. Bxd4 Re2+ 66. Be5
Kh5 67. Kf5 Rf2+ 68. Bf4 a1=Q 69. Rxa1 1-0

[Event "Edinburgh Premier"]
[Site "Edinburgh"]
[Date "2016.04.10"]
[Round "4.3"]
[White "Sanchez Botella, Luis Javier"]
[Black "Tate, Alan"]
[Result "0-1"]
[WhiteElo "2278"]
[BlackElo "2301"]
[PlyCount "50"]
[EventDate "2016.04.08"]
[EventType "swiss"]
[EventRounds "5"]
[EventCountry "SCO"]
[SourceDate "2016.04.08"]

1. d4 d5 2. c4 c6 3. Nf3 Nf6 4. Nc3 e6 5. Bg5 h6 6. Bh4 dxc4 7. e4 g5 8. Bg3 b5
9. Be2 Bg7 10. O-O O-O 11. Ne5 b4 12. Na4 Nxe4 13. Bxc4 Ba6 14. Rc1 Bxc4 15.
Rxc4 Qd5 16. Qe2 f6 17. Ng4 f5 18. Ne3 Qb5 19. Qc2 Nd7 20. Rxc6 Nc3 21. Bd6
Ne2+ 22. Kh1 Nxd4 23. Qc4 Qxc6 24. Bxf8 Qxc4 25. Nxc4 Kxf8 0-1

[Event "Edinburgh Premier"]
[Site "Edinburgh"]
[Date "2016.04.10"]
[Round "4.4"]
[White "Lauridsen, Jesper Morch"]
[Black "Rutherford, Willie"]
[Result "1-0"]
[WhiteElo "2275"]
[BlackElo "2077"]
[PlyCount "157"]
[EventDate "2016.04.08"]
[EventType "swiss"]
[EventRounds "5"]
[EventCountry "SCO"]
[SourceDate "2016.04.08"]

1. e4 d6 2. d4 g6 3. Nc3 Bg7 4. f4 Nf6 5. Nf3 O-O 6. e5 dxe5 7. dxe5 Qxd1+ 8.
Kxd1 Rd8+ 9. Ke1 Nd5 10. Nxd5 Rxd5 11. Bc4 Rd8 12. Ng5 e6 13. h4 Bd7 14. h5 Bc6
15. hxg6 hxg6 16. Nxe6 fxe6 17. Bxe6+ Kf8 18. b3 Ke7 19. Bc4 Rh8 20. Ba3+ Ke8
21. Rxh8+ Bxh8 22. Kf2 b5 23. Bg8 Bg7 24. Re1 Bf8 25. Bb2 Bc5+ 26. Kg3 Kf8 27.
Bh7 Be8 28. Rh1 a5 29. f5 Nc6 30. Bxg6 Bd4 31. Rh8+ Kg7 32. Rxe8 Rxe8 33. Bxe8
Bxb2 34. Bxc6 Bxe5+ 35. Kf3 b4 36. Ke4 Bg3 37. Kd5 Kf6 38. Bd7 Bf2 39. Kc4 Be3
40. c3 Bd2 41. cxb4 axb4 42. Kb5 Be1 43. Kc6 Bg3 44. Kd5 Be1 45. g4 Bd2 46. Kc4
Be1 47. Be6 Bd2 48. Kb5 Be1 49. Kc5 Bd2 50. Bd7 Be1 51. Bc6 Bd2 52. Kb5 Be1 53.
Ka4 Bd2 54. a3 bxa3 55. Kxa3 Bf4 56. b4 Be5 57. b5 Bf4 58. Kb3 Be5 59. Kc4 Bf4
60. Be4 Bg3 61. Kd5 Bf4 62. Bc2 Bg3 63. g5+ Kxg5 64. Ke6 Bf2 65. f6 Bd4 66. f7
Bc5 67. Kd5 Bb4 68. Kc6 Kf6 69. Bb3 Ke7 70. Kxc7 Bc5 71. b6 Bd6+ 72. Kc8 Be5
73. b7 Bf4 74. b8=Q Bxb8 75. Kxb8 Kf8 76. Kc7 Ke7 77. Ba2 Kf8 78. Kd8 Kg7 79.
Ke7 1-0

[Event "Edinburgh Premier"]
[Site "Edinburgh"]
[Date "2016.04.10"]
[Round "4.5"]
[White "Thomson, Neil"]
[Black "Coffey, Patrick"]
[Result "1-0"]
[WhiteElo "1978"]
[BlackElo "2199"]
[PlyCount "59"]
[EventDate "2016.04.08"]
[EventType "swiss"]
[EventRounds "5"]
[EventCountry "SCO"]
[SourceDate "2016.04.08"]

1. e4 c5 2. Nf3 a6 3. c3 e6 4. d4 d5 5. Nbd2 cxd4 6. cxd4 dxe4 7. Nxe4 Be7 8.
Bd3 Nf6 9. Nc3 O-O 10. O-O b5 11. a3 Bb7 12. Bc2 Qd6 13. Qd3 Bxf3 14. Qxf3 Nbd7
15. Rd1 Nb6 16. Bf4 Qd7 17. Be5 Rac8 18. Qh3 h6 19. Rd3 Rfd8 20. Rg3 Kf8 21.
Rd1 Nbd5 22. Bb3 Nxc3 23. bxc3 Qc6 24. Qh4 Qe4 25. f4 Qe2 26. Qh3 Qb2 27. c4
bxc4 28. d5 Qe2 29. Ba4 c3 30. Re3 1-0

[Event "Edinburgh Premier"]
[Site "Edinburgh"]
[Date "2016.04.10"]
[Round "4.7"]
[White "Orr, Mark J L"]
[Black "Hall, David G"]
[Result "1-0"]
[WhiteElo "2180"]
[BlackElo "1874"]
[PlyCount "69"]
[EventDate "2016.04.08"]
[EventType "swiss"]
[EventRounds "5"]
[EventCountry "SCO"]
[SourceDate "2016.04.08"]

1. c4 g6 2. g3 Bg7 3. Bg2 d6 4. Nc3 c6 5. e4 e5 6. Nge2 Nf6 7. d4 O-O 8. O-O
Re8 9. d5 cxd5 10. cxd5 a6 11. a4 b6 12. h3 Nbd7 13. Be3 Bb7 14. b4 Rc8 15. Qb3
Qc7 16. Rfc1 Qb8 17. Nd1 Rxc1 18. Rxc1 Rc8 19. Rxc8+ Qxc8 20. Nec3 h6 21. Nb2
Kh7 22. Bf1 h5 23. Qc4 Bh6 24. Qxc8 Bxc8 25. Bxh6 Kxh6 26. Nc4 Ne8 27. h4 f5
28. Bh3 f4 29. Bxd7 Bxd7 30. Nxb6 Nf6 31. Nxd7 Nxd7 32. a5 fxg3 33. fxg3 g5 34.
b5 Nc5 35. Na4 1-0

[Event "Edinburgh Premier"]
[Site "Edinburgh"]
[Date "2016.04.10"]
[Round "4.8"]
[White "Pearson, Raymond"]
[Black "Green, Andrew"]
[Result "0-1"]
[WhiteElo "1902"]
[BlackElo "2153"]
[PlyCount "84"]
[EventDate "2016.04.08"]
[EventType "swiss"]
[EventRounds "5"]
[EventCountry "SCO"]
[SourceDate "2016.04.08"]

1. c4 g6 2. Nc3 c5 3. Nf3 Bg7 4. e3 Nf6 5. d4 O-O 6. Be2 cxd4 7. exd4 d5 8. h3
Nc6 9. Be3 Be6 10. O-O dxc4 11. Qd2 Rc8 12. Rfd1 Nb4 13. Ne5 Nbd5 14. Bf3 Nxc3
15. bxc3 Bd5 16. Rab1 Bxf3 17. Nxf3 Ne4 18. Qc2 Qd5 19. Rb4 b5 20. Rdb1 Nd6 21.
a4 a5 22. R4b2 b4 23. cxb4 axb4 24. Rxb4 Rfd8 25. Bg5 Nf5 26. Rb5 Qa8 27. Rb7
Bf8 28. R1b4 h6 29. Bh4 Nxh4 30. Nxh4 Rc6 31. Qe4 Re6 32. Qg4 c3 33. Rc7 Qa5
34. Rbc4 c2 35. Rxc2 h5 36. Qg3 Rxd4 37. Nf3 Rd1+ 38. Kh2 Qxa4 39. Rc8 Red6 40.
Qg5 Rd8 41. Nd2 R1xd2 42. Rxd2 Rxc8 0-1

[Event "Edinburgh Premier"]
[Site "Edinburgh"]
[Date "2016.04.10"]
[Round "4.9"]
[White "Abrahams, Daniel"]
[Black "Abdulla, Murad"]
[Result "1/2-1/2"]
[WhiteElo "2084"]
[BlackElo "2065"]
[PlyCount "158"]
[EventDate "2016.04.08"]
[EventType "swiss"]
[EventRounds "5"]
[EventCountry "SCO"]
[SourceDate "2016.04.08"]

1. e4 c5 2. Nf3 d6 3. d4 cxd4 4. Nxd4 Nf6 5. Nc3 g6 6. g3 Nc6 7. Nde2 Bd7 8.
Bg2 Qc8 9. h3 h5 10. Nf4 Bg7 11. O-O Ne5 12. Kh2 Qc4 13. Qe2 Qxe2 14. Nfxe2 Rc8
15. a4 Nc6 16. Nd5 Nxd5 17. exd5 Na5 18. c3 Nb3 19. Ra3 Nxc1 20. Rxc1 O-O 21.
a5 Bb5 22. Re1 Rc7 23. Rb3 Ba6 24. Rb4 Rc5 25. Nd4 Bf6 26. Nb3 Rb5 27. Rxb5
Bxb5 28. f4 Rc8 29. g4 hxg4 30. hxg4 g5 31. fxg5 Bxg5 32. Nd4 Bd7 33. Nf5 Bxf5
34. gxf5 Rc5 35. Ra1 Rc4 36. Kg3 Kg7 37. Bf1 Re4 38. Ra3 Re5 39. Kg4 Kf6 40.
Rb3 Rxf5 41. Bg2 Rf4+ 42. Kg3 Ra4 43. Rb5 a6 44. Rxb7 Rxa5 45. Ra7 Ra2 46. b4
Ra3 47. Bf3 Rxc3 48. Rxa6 Rb3 49. Rb6 Bd2 50. b5 Be3 51. Rb8 Bc5 52. Kf4 e6 53.
dxe6 fxe6 54. Bc6 Rb4+ 55. Kf3 d5 56. Re8 Rb3+ 57. Kg2 Bd4 58. Rh8 Bc5 59. Re8
d4 60. Bd7 Re3 61. Rc8 d3 62. Bc6 Bb6 63. Bf3 d2 64. Bd1 Re5 65. Rc2 Rd5 66.
Kf3 Bc5 67. Rb2 Rf5+ 68. Ke2 Re5+ 69. Kd3 Rd5+ 70. Ke2 Rd6 71. b6 Rd8 72. b7
Rb8 73. Rb5 Bd6 74. Kxd2 Rd8 75. Ke2 Bb8 76. Rb6 Ke5 77. Bb3 Rd6 78. Rb5+ Kd4
79. Kd2 e5 1/2-1/2

[Event "Edinburgh Premier"]
[Site "Edinburgh"]
[Date "2016.04.10"]
[Round "4.10"]
[White "Green, Michael"]
[Black "Findlay, David John"]
[Result "1-0"]
[WhiteElo "1983"]
[BlackElo "2155"]
[PlyCount "77"]
[EventDate "2016.04.08"]
[EventType "swiss"]
[EventRounds "5"]
[EventCountry "SCO"]
[SourceDate "2016.04.08"]

1. d4 d5 2. c4 e6 3. Nc3 c5 4. cxd5 exd5 5. Nf3 Nc6 6. dxc5 d4 7. Na4 Bxc5 8.
Nxc5 Qa5+ 9. Bd2 Qxc5 10. Rc1 Qb6 11. e3 dxe3 12. Bxe3 Qxb2 13. Bc4 Be6 14. O-O
Bxc4 15. Rxc4 Nge7 16. Rxc6 bxc6 17. Bd4 Qxa2 18. Bxg7 Rg8 19. Bf6 Rg6 20. Bh4
Qd5 21. Qe2 Re6 22. Qb2 Ng6 23. Qb7 Rd8 24. Bxd8 Qxd8 25. Qxa7 Nf4 26. Rb1 Re7
27. Qa1 Ng6 28. Nh4 Qc7 29. Qa8+ Kd7 30. Nf3 Ke6 31. Rc1 Kd7 32. Rd1+ Ke6 33.
Nd4+ Kf6 34. Nxc6 Re6 35. Qa1+ Ne5 36. Nb4 Kg6 37. Nd5 Qc4 38. Rd4 Qa6 39. Ra4
1-0

[Event "Edinburgh Premier"]
[Site "Edinburgh"]
[Date "2016.04.10"]
[Round "4.11"]
[White "Bhopal, Raj"]
[Black "Ridge, Mike"]
[Result "1/2-1/2"]
[WhiteElo "1998"]
[BlackElo "1889"]
[PlyCount "101"]
[EventDate "2016.04.08"]
[EventType "swiss"]
[EventRounds "5"]
[EventCountry "SCO"]
[SourceDate "2016.04.08"]

1. d4 Nf6 2. Nf3 d5 3. g3 Bf5 4. Bg2 e6 5. O-O Be7 6. c4 c6 7. Nc3 O-O 8. Qb3
b6 9. Bf4 Nbd7 10. Nh4 Bg6 11. Nxg6 hxg6 12. Rac1 Rc8 13. cxd5 Nxd5 14. Nxd5
exd5 15. Rc2 Bg5 16. Bxg5 Qxg5 17. Rfc1 Qg4 18. e3 Nb8 19. Qd3 Rfe8 20. Qf1
Rcd8 21. b4 b5 22. Rc3 Rd6 23. Ra3 a6 24. h3 Qc8 25. Ra5 Nd7 26. a4 Qb7 27.
axb5 cxb5 28. Rca1 Rc8 29. Rc1 Nb6 30. Rxc8+ Qxc8 31. Ra1 Rc6 32. Kh2 Rc2 33.
Bf3 Qf5 34. Kg2 Nc4 35. Be2 Qe4+ 36. Kh2 Nd2 37. Qg2 Qxg2+ 38. Kxg2 Ne4 39. Kf1
Rb2 40. Rxa6 Rxb4 41. Ra8+ Kh7 42. Rb8 Rb1+ 43. Kg2 b4 44. Bd3 Rb2 45. Bxe4
dxe4 46. d5 b3 47. d6 Rd2 48. Rxb3 Rxd6 49. Rb7 f6 50. Re7 f5 51. h4 1/2-1/2

[Event "Edinburgh Premier"]
[Site "Edinburgh"]
[Date "2016.04.10"]
[Round "4.12"]
[White "Borwell, Alan"]
[Black "Giulian, Rosie"]
[Result "1-0"]
[WhiteElo "1955"]
[BlackElo "1867"]
[PlyCount "53"]
[EventDate "2016.04.08"]
[EventType "swiss"]
[EventRounds "5"]
[EventCountry "SCO"]
[SourceDate "2016.04.08"]

1. e4 e6 2. b3 d5 3. Bb2 Nf6 4. e5 Nfd7 5. f4 c5 6. Qg4 Nc6 7. Nf3 Ne7 8. Bd3
h5 9. Qh3 g6 10. Na3 a6 11. c4 d4 12. Ng5 Bg7 13. Nc2 Qc7 14. O-O-O Bh6 15. Ne4
Bxf4 16. Nd6+ Kf8 17. Rhf1 Nxe5 18. Rxf4 Nxd3+ 19. Qxd3 Qxd6 20. Rdf1 Rh7 21.
b4 b6 22. Qf3 Nc6 23. Rxf7+ Kg8 24. Rf8+ Kg7 25. Qf6+ Kh6 26. Rg8 Ne5 27. Qf4+
1-0

[Event "Edinburgh Premier"]
[Site "Edinburgh"]
[Date "2016.04.10"]
[Round "4.13"]
[White "James, Chris"]
[Black "Delaere, Koen"]
[Result "1-0"]
[WhiteElo "1828"]
[BlackElo "1986"]
[PlyCount "71"]
[EventDate "2016.04.08"]
[EventType "swiss"]
[EventRounds "5"]
[EventCountry "SCO"]
[SourceDate "2016.04.08"]

1. e4 c5 2. Nf3 g6 3. d4 cxd4 4. Nxd4 Nc6 5. Nc3 Bg7 6. Be3 Nf6 7. Nxc6 bxc6 8.
e5 Ng8 9. Bd4 Nh6 10. e6 f6 11. exd7+ Bxd7 12. Bc4 Nf7 13. O-O O-O 14. Re1 Kh8
15. Bc5 Ne5 16. Bb3 g5 17. Qe2 Bf5 18. Ne4 Qc7 19. Ng3 Bc8 20. Rad1 a5 21. c3
a4 22. Bc2 Be6 23. Qh5 Bg8 24. Nf5 Rfe8 25. Re3 Ng6 26. Nh6 Bxh6 27. Bxg6 hxg6
28. Qxh6+ Bh7 29. Rh3 e5 30. Qxg6 Re6 31. Qd3 Kg8 32. Qd7 Qxd7 33. Rxd7 Bb1 34.
g4 Bxa2 35. Rhh7 Bb1 36. Rdg7# 1-0

[Event "Edinburgh Premier"]
[Site "Edinburgh"]
[Date "2016.04.10"]
[Round "4.15"]
[White "Walker, Duncan"]
[Black "Brown, Allan D"]
[Result "1/2-1/2"]
[WhiteElo "1920"]
[BlackElo "1784"]
[PlyCount "67"]
[EventDate "2016.04.08"]
[EventType "swiss"]
[EventRounds "5"]
[EventCountry "SCO"]
[SourceDate "2016.04.08"]

1. d4 d5 2. Nf3 Nf6 3. e3 e6 4. Bd3 c5 5. b3 Nc6 6. Bb2 cxd4 7. exd4 Bd6 8.
Nbd2 Bd7 9. a3 Rc8 10. O-O O-O 11. Ne5 Ne8 12. f4 f5 13. Qe2 Nf6 14. Rae1 Ne4
15. Rf3 Nxe5 16. fxe5 Be7 17. Ref1 Be8 18. Rh3 g5 19. Nxe4 fxe4 20. Rxf8+ Bxf8
21. Bb5 Bxb5 22. Qxb5 Rxc2 23. Qxb7 h6 24. Bc3 Rc1+ 25. Kf2 Bxa3 26. Rxh6 Be7
27. Bb4 Rc7 28. Bxe7 Rxe7 29. Qc6 Qe8 30. Qc1 Rg7 31. Kg1 a5 32. Qd2 a4 33.
bxa4 Qxa4 34. Rxe6 1/2-1/2